<?xml version="1.0" encoding="UTF-8"?>
<record
    xmlns:xsi="http://www.w3.org/2001/XMLSchema-instance"
    xsi:schemaLocation="http://www.loc.gov/MARC21/slim http://www.loc.gov/standards/marcxml/schema/MARC21slim.xsd"
    xmlns="http://www.loc.gov/MARC21/slim">

  <leader>00348nam a2200145Ia 4500</leader>
  <controlfield tag="008">191201s2012    xx            000 0 und d</controlfield>
  <datafield tag="082" ind1=" " ind2=" ">
    <subfield code="a">690</subfield>
    <subfield code="b">RAB</subfield>
  </datafield>
  <datafield tag="100" ind1=" " ind2=" ">
    <subfield code="a">RANGWALA, SC</subfield>
  </datafield>
  <datafield tag="245" ind1=" " ind2="0">
    <subfield code="a">Building Construction</subfield>
  </datafield>
  <datafield tag="250" ind1=" " ind2=" ">
    <subfield code="a">30th</subfield>
  </datafield>
  <datafield tag="260" ind1=" " ind2=" ">
    <subfield code="a">N. Delhi</subfield>
    <subfield code="b">Charotar Pub House, Anand</subfield>
    <subfield code="c">2012</subfield>
  </datafield>
  <datafield tag="300" ind1=" " ind2=" ">
    <subfield code="a">752</subfield>
  </datafield>
  <datafield tag="650" ind1=" " ind2=" ">
    <subfield code="a">B.Tech(CE)</subfield>
  </datafield>
  <datafield tag="942" ind1=" " ind2=" ">
    <subfield code="2">ddc</subfield>
    <subfield code="c">BK</subfield>
  </datafield>
  <datafield tag="999" ind1=" " ind2=" ">
    <subfield code="c">5512</subfield>
    <subfield code="d">5512</subfield>
  </datafield>
  <datafield tag="952" ind1=" " ind2=" ">
    <subfield code="0">0</subfield>
    <subfield code="1">0</subfield>
    <subfield code="2">ddc</subfield>
    <subfield code="4">0</subfield>
    <subfield code="7">0</subfield>
    <subfield code="8">BTECHCE</subfield>
    <subfield code="a">PIET</subfield>
    <subfield code="b">PIET</subfield>
    <subfield code="d">2012-09-22</subfield>
    <subfield code="e">IBH, New Delhi</subfield>
    <subfield code="g">210.00</subfield>
    <subfield code="k">11856</subfield>
    <subfield code="l">0</subfield>
    <subfield code="o">690 RAB</subfield>
    <subfield code="p">21036</subfield>
    <subfield code="r">2019-12-04 00:00:00</subfield>
    <subfield code="w">2012-09-20</subfield>
    <subfield code="y">BK</subfield>
  </datafield>
  <datafield tag="952" ind1=" " ind2=" ">
    <subfield code="0">0</subfield>
    <subfield code="1">0</subfield>
    <subfield code="2">ddc</subfield>
    <subfield code="4">0</subfield>
    <subfield code="7">0</subfield>
    <subfield code="8">BTECHCE</subfield>
    <subfield code="a">PIET</subfield>
    <subfield code="b">PIET</subfield>
    <subfield code="d">2012-09-22</subfield>
    <subfield code="e">IBH, New Delhi</subfield>
    <subfield code="g">210.00</subfield>
    <subfield code="k">11856</subfield>
    <subfield code="l">0</subfield>
    <subfield code="o">690 RAB</subfield>
    <subfield code="p">21037</subfield>
    <subfield code="r">2019-12-04 00:00:00</subfield>
    <subfield code="w">2012-09-20</subfield>
    <subfield code="y">BK</subfield>
  </datafield>
  <datafield tag="952" ind1=" " ind2=" ">
    <subfield code="0">0</subfield>
    <subfield code="1">0</subfield>
    <subfield code="2">ddc</subfield>
    <subfield code="4">0</subfield>
    <subfield code="7">0</subfield>
    <subfield code="8">BTECHCE</subfield>
    <subfield code="a">PIET</subfield>
    <subfield code="b">PIET</subfield>
    <subfield code="d">2012-09-22</subfield>
    <subfield code="e">IBH, New Delhi</subfield>
    <subfield code="g">210.00</subfield>
    <subfield code="k">11856</subfield>
    <subfield code="l">0</subfield>
    <subfield code="o">690 RAB</subfield>
    <subfield code="p">21038</subfield>
    <subfield code="r">2019-12-04 00:00:00</subfield>
    <subfield code="w">2012-09-20</subfield>
    <subfield code="y">BK</subfield>
  </datafield>
  <datafield tag="952" ind1=" " ind2=" ">
    <subfield code="0">0</subfield>
    <subfield code="1">0</subfield>
    <subfield code="2">ddc</subfield>
    <subfield code="4">0</subfield>
    <subfield code="7">0</subfield>
    <subfield code="8">BTECHCE</subfield>
    <subfield code="a">PIET</subfield>
    <subfield code="b">PIET</subfield>
    <subfield code="d">2012-09-22</subfield>
    <subfield code="e">IBH, New Delhi</subfield>
    <subfield code="g">210.00</subfield>
    <subfield code="k">11856</subfield>
    <subfield code="l">0</subfield>
    <subfield code="o">690 RAB</subfield>
    <subfield code="p">21039</subfield>
    <subfield code="r">2019-12-04 00:00:00</subfield>
    <subfield code="w">2012-09-20</subfield>
    <subfield code="y">BK</subfield>
  </datafield>
  <datafield tag="952" ind1=" " ind2=" ">
    <subfield code="0">0</subfield>
    <subfield code="1">0</subfield>
    <subfield code="2">ddc</subfield>
    <subfield code="4">0</subfield>
    <subfield code="7">0</subfield>
    <subfield code="8">BTECHCE</subfield>
    <subfield code="a">PIET</subfield>
    <subfield code="b">PIET</subfield>
    <subfield code="d">2012-09-22</subfield>
    <subfield code="e">IBH, New Delhi</subfield>
    <subfield code="g">210.00</subfield>
    <subfield code="k">11856</subfield>
    <subfield code="l">0</subfield>
    <subfield code="o">690 RAB</subfield>
    <subfield code="p">21040</subfield>
    <subfield code="r">2019-12-04 00:00:00</subfield>
    <subfield code="w">2012-09-20</subfield>
    <subfield code="y">BK</subfield>
  </datafield>
  <datafield tag="952" ind1=" " ind2=" ">
    <subfield code="0">0</subfield>
    <subfield code="1">0</subfield>
    <subfield code="2">ddc</subfield>
    <subfield code="4">0</subfield>
    <subfield code="7">0</subfield>
    <subfield code="8">BTECHCE</subfield>
    <subfield code="a">PIET</subfield>
    <subfield code="b">PIET</subfield>
    <subfield code="d">2012-09-22</subfield>
    <subfield code="e">IBH, New Delhi</subfield>
    <subfield code="g">210.00</subfield>
    <subfield code="k">11856</subfield>
    <subfield code="l">0</subfield>
    <subfield code="o">690 RAB</subfield>
    <subfield code="p">21041</subfield>
    <subfield code="r">2019-12-04 00:00:00</subfield>
    <subfield code="w">2012-09-20</subfield>
    <subfield code="y">BK</subfield>
  </datafield>
  <datafield tag="952" ind1=" " ind2=" ">
    <subfield code="0">0</subfield>
    <subfield code="1">0</subfield>
    <subfield code="2">ddc</subfield>
    <subfield code="4">0</subfield>
    <subfield code="7">0</subfield>
    <subfield code="8">BTECHCE</subfield>
    <subfield code="a">PIET</subfield>
    <subfield code="b">PIET</subfield>
    <subfield code="d">2012-09-22</subfield>
    <subfield code="e">IBH, New Delhi</subfield>
    <subfield code="g">210.00</subfield>
    <subfield code="k">11856</subfield>
    <subfield code="l">3</subfield>
    <subfield code="o">690 RAB</subfield>
    <subfield code="p">21042</subfield>
    <subfield code="r">2025-01-17 00:00:00</subfield>
    <subfield code="s">2025-01-14</subfield>
    <subfield code="w">2012-09-20</subfield>
    <subfield code="y">BK</subfield>
  </datafield>
  <datafield tag="952" ind1=" " ind2=" ">
    <subfield code="0">0</subfield>
    <subfield code="1">0</subfield>
    <subfield code="2">ddc</subfield>
    <subfield code="4">0</subfield>
    <subfield code="7">0</subfield>
    <subfield code="8">BTECHCE</subfield>
    <subfield code="a">PIET</subfield>
    <subfield code="b">PIET</subfield>
    <subfield code="d">2012-09-22</subfield>
    <subfield code="e">IBH, New Delhi</subfield>
    <subfield code="g">210.00</subfield>
    <subfield code="k">11856</subfield>
    <subfield code="l">0</subfield>
    <subfield code="o">690 RAB</subfield>
    <subfield code="p">21043</subfield>
    <subfield code="r">2019-12-04 00:00:00</subfield>
    <subfield code="w">2012-09-20</subfield>
    <subfield code="y">BK</subfield>
  </datafield>
  <datafield tag="952" ind1=" " ind2=" ">
    <subfield code="0">0</subfield>
    <subfield code="1">0</subfield>
    <subfield code="2">ddc</subfield>
    <subfield code="4">0</subfield>
    <subfield code="7">0</subfield>
    <subfield code="8">BTECHCE</subfield>
    <subfield code="a">PIET</subfield>
    <subfield code="b">PIET</subfield>
    <subfield code="d">2012-09-22</subfield>
    <subfield code="e">IBH, New Delhi</subfield>
    <subfield code="g">210.00</subfield>
    <subfield code="k">11856</subfield>
    <subfield code="l">1</subfield>
    <subfield code="o">690 RAB</subfield>
    <subfield code="p">21044</subfield>
    <subfield code="r">2022-12-13 00:00:00</subfield>
    <subfield code="s">2022-11-29</subfield>
    <subfield code="w">2012-09-20</subfield>
    <subfield code="y">BK</subfield>
  </datafield>
  <datafield tag="952" ind1=" " ind2=" ">
    <subfield code="0">0</subfield>
    <subfield code="1">0</subfield>
    <subfield code="2">ddc</subfield>
    <subfield code="4">0</subfield>
    <subfield code="7">0</subfield>
    <subfield code="8">BTECHCE</subfield>
    <subfield code="a">PIET</subfield>
    <subfield code="b">PIET</subfield>
    <subfield code="d">2012-09-22</subfield>
    <subfield code="e">IBH, New Delhi</subfield>
    <subfield code="g">210.00</subfield>
    <subfield code="k">11856</subfield>
    <subfield code="l">0</subfield>
    <subfield code="o">690 RAB</subfield>
    <subfield code="p">21045</subfield>
    <subfield code="r">2019-12-04 00:00:00</subfield>
    <subfield code="w">2012-09-20</subfield>
    <subfield code="y">BK</subfield>
  </datafield>
</record>
